<?xml version="1.0" encoding="UTF-8"?>
<record
    xmlns:xsi="http://www.w3.org/2001/XMLSchema-instance"
    xsi:schemaLocation="http://www.loc.gov/MARC21/slim http://www.loc.gov/standards/marcxml/schema/MARC21slim.xsd"
    xmlns="http://www.loc.gov/MARC21/slim">

  <leader>00586nam a22002177a 4500</leader>
  <controlfield tag="003">OSt</controlfield>
  <controlfield tag="005">20241018140951.0</controlfield>
  <controlfield tag="008">241018b        |||||||| |||| 00| 0 eng d</controlfield>
  <datafield tag="040" ind1=" " ind2=" ">
    <subfield code="c">STPL</subfield>
  </datafield>
  <datafield tag="041" ind1=" " ind2=" ">
    <subfield code="a">MAL</subfield>
  </datafield>
  <datafield tag="082" ind1=" " ind2=" ">
    <subfield code="a">M07</subfield>
    <subfield code="b">SRE-N</subfield>
  </datafield>
  <datafield tag="245" ind1=" " ind2=" ">
    <subfield code="a">Nilavarakal Thurakumbol /</subfield>
    <subfield code="c">Edited by P S Sreekala </subfield>
    <subfield code="h">&#xD28;&#xD3F;&#xD32;&#xD35;&#xD31;&#xD15;&#xD7E; &#xD24;&#xD41;&#xD31;&#xD15;&#xD4D;&#xD15;&#xD41;&#xD2E;&#xD4D;&#xD2A;&#xD4B;&#xD7E; </subfield>
  </datafield>
  <datafield tag="260" ind1=" " ind2=" ">
    <subfield code="a">Thiruvananthapuram :</subfield>
    <subfield code="b">Chintha Publication  ,</subfield>
    <subfield code="c">2012 .</subfield>
  </datafield>
  <datafield tag="300" ind1=" " ind2=" ">
    <subfield code="a">120 p.</subfield>
    <subfield code="b">PB</subfield>
  </datafield>
  <datafield tag="650" ind1=" " ind2=" ">
    <subfield code="a">Malayalam</subfield>
  </datafield>
  <datafield tag="650" ind1=" " ind2=" ">
    <subfield code="a">Literature</subfield>
  </datafield>
  <datafield tag="650" ind1=" " ind2=" ">
    <subfield code="a">Study</subfield>
  </datafield>
  <datafield tag="650" ind1=" " ind2=" ">
    <subfield code="a">General</subfield>
  </datafield>
  <datafield tag="942" ind1=" " ind2=" ">
    <subfield code="c">BK</subfield>
  </datafield>
  <datafield tag="942" ind1=" " ind2=" ">
    <subfield code="2">ddc</subfield>
    <subfield code="n">0</subfield>
  </datafield>
  <datafield tag="999" ind1=" " ind2=" ">
    <subfield code="c">83542</subfield>
    <subfield code="d">83542</subfield>
  </datafield>
  <datafield tag="952" ind1=" " ind2=" ">
    <subfield code="0">0</subfield>
    <subfield code="1">0</subfield>
    <subfield code="2">ddc</subfield>
    <subfield code="4">0</subfield>
    <subfield code="8">MAL</subfield>
    <subfield code="7">0</subfield>
    <subfield code="a">STCPL</subfield>
    <subfield code="b">STCPL</subfield>
    <subfield code="c">MAL</subfield>
    <subfield code="d">2021-07-10</subfield>
    <subfield code="g">90.00</subfield>
    <subfield code="l">1</subfield>
    <subfield code="o">M07  SRE-N</subfield>
    <subfield code="p">86636</subfield>
    <subfield code="r">2023-08-07 00:00:00</subfield>
    <subfield code="s">2023-08-04</subfield>
    <subfield code="w">2021-07-10</subfield>
    <subfield code="y">BK</subfield>
  </datafield>
  <datafield tag="952" ind1=" " ind2=" ">
    <subfield code="0">0</subfield>
    <subfield code="1">0</subfield>
    <subfield code="2">ddc</subfield>
    <subfield code="4">0</subfield>
    <subfield code="8">MAL</subfield>
    <subfield code="7">0</subfield>
    <subfield code="a">STCPL</subfield>
    <subfield code="b">STCPL</subfield>
    <subfield code="c">MAL</subfield>
    <subfield code="d">2024-10-18</subfield>
    <subfield code="g">75.00</subfield>
    <subfield code="l">1</subfield>
    <subfield code="o">M07 SRE-N</subfield>
    <subfield code="p">86442</subfield>
    <subfield code="r">2025-08-26 10:17:36</subfield>
    <subfield code="s">2025-08-06</subfield>
    <subfield code="w">2024-10-18</subfield>
    <subfield code="y">BK</subfield>
  </datafield>
</record>
